Word Ladder: Connections III Quiz Stats

 Plays Quiz Updated Oct 22, 2013

Support Sporcle.
Go Orange.
Score 0/63 Timer 05:00
0 Plays Today
% Correct
DARK
96.2%
WAND
95.2%
FARE
94.2%
FORE
93.6%
HAND
92.8%
HAND
92.8%
DARE
92.3%
DOWN
91.5%
DOWN
91.5%
BARK
90.7%
SANK
90.7%
HARK
90.4%
BANK
90.4%
BANK
90.4%
LEFT
89.8%
LEFT
89.8%
BAND
88.2%
DAWN
87.7%
BOND
87.6%
BART
87.5%
SANE
87.4%
HANK
85.7%
WANE
85.7%
BERT
85.3%
BORN
83.5%
BURN
83.3%
TURN
83.2%
TURN
83.2%
COOK
81%
SOWN
79.7%
WORM
79.5%
WORM
79.5%
% Correct
BERN
79.2%
RANK
79%
DARN
78.1%
DART
78.1%
SOON
76.6%
CORE
76%
BENT
75.4%
TERN
74.9%
BACK
74.9%
BACK
74.9%
RAFT
74.2%
LENT
73%
WORE
73%
CARE
71.9%
ROOM
71.7%
DEFT
71.4%
BOON
70.9%
BOOK
70.6%
BOOK
70.6%
SACK
70.1%
FORM
69.4%
ROAM
69.4%
DAFT
68.7%
BOOM
68%
RANT
67.3%
FOAM
66.8%
HARE
66.1%
BONK
63.9%
HOLE
60.9%
CONK
60.8%
HALE
56.3%

Today's Daily Dose

You're not logged in!

Compare scores with friends on all Sporcle quizzes.
OR
Log In
Forgot?

From the Vault

Vowel-Beginning Baby Names (2015)

by Qaqaq

You just don't see that many babies named Ulysses anymore.
Remove Ads.
Support Sporcle.
Get the best of Sporcle when you Go Orange. This ad-free experience offers more features, more stats, and more fun while also helping to support Sporcle. Thank you for becoming a member.

Show Comments

Extras

Top Quizzes Today


Score Distribution

Your Account Isn't Verified!

In order to create a playlist on Sporcle, you need to verify the email address you used during registration. Go to your Sporcle Settings to finish the process.

Report this User

Report this user for behavior that violates our Community Guidelines.

Details: